| 000 | 00403nam a2200157Ia 4500 | ||
|---|---|---|---|
| 008 | 231217s9999 xx 000 0 und d | ||
| 020 | _a8131406563 | ||
| 041 | _aEnglish | ||
| 082 | _a347.067 RAG;1 R | ||
| 100 | _aRaghuram, V ed. | ||
| 245 | 0 | _aExpert opinion : evidentiary value | |
| 260 |
_c2007 _bIcfai _aHyderabad |
||
| 300 | _avii, 221 | ||
| 650 | _aopinion,evidentiary,value | ||
| 942 | _cAA | ||
| 999 |
_c188612 _d188612 |
||